000 00770 a2200169 4500
003 Nust
005 20230306113958.0
040 _cNust
082 _a338, ROB
100 _aRobertson, D. H.
_9109839
245 _aThe control of industry
_cD. H. Robertson
260 _aLondon
_bCambridge
_c1945
300 _a169 p.
505 _aIntroductory (Page-1), Large Scale Industry (Page-15), Some Development Of Large Scale Industry (Page-27), The Organization Of Marketing (Page-41), The Capitalization Of Industry (Page-57), Finance And Industry (Page-73), A Survey Of Capitalism (Page-84), Industry And The Consumer (Page-101), Collectivism And Communism (Page-113), Workers Control (Page-134), Joint Control (Page-148).
650 _aIndustry
_9109822
942 _2ddc
_cBK
999 _c184518
_d184518